| 000 | 00978cam a2200301 4500 | ||
|---|---|---|---|
| 001 | 2985528 | ||
| 003 | ARRUPE | ||
| 005 | 20151029152845.0 | ||
| 008 | 740924s1967 xx 000 0 eng u | ||
| 010 | _a 67090830 | ||
| 015 | _aGB67-13332 | ||
| 035 | _a(OCoLC)ocm01019709 | ||
| 035 | _a(NNC)2985528 | ||
| 040 |
_cIYU _dOCL _dUKM _dZCU |
||
| 041 | 0 | _aengnic | |
| 050 | 0 |
_aREF PL8025 _b.T58 1931 |
|
| 082 | _a423/.96/3 | ||
| 090 |
_aPL8025 _b.T63 1967 |
||
| 100 | 1 |
_aTorrend, J. _q(Jules), _d1861-1936. _920786 |
|
| 245 | 1 | 3 |
_aAn English-vernacular dictionary of the Bantu-Botatwe dialects of Northern Rhodesia, _ccompiled with the help of Dr. H. S. Gerrard [and others] by J. Torrend. |
| 260 |
_aFarnborough, Hants., _bGregg P., _c1931 |
||
| 300 |
_a[xi], 649 p. _bmap. _c19 cm. |
||
| 500 | _a"First published 1931." | ||
| 650 | 0 |
_aEnglish language _vDictionaries _xBantu. _920787 |
|
| 651 | 0 |
_aZambia _xLanguages. _920788 |
|
| 942 |
_2lcc _cMONOGRAPH |
||
| 999 |
_c123696 _d123696 |
||